Токсикологическая оценка наноматериалов с точки зрения их растворимости; Ресурсоэффективным технологиям - энергию и энтузиазм молодых

Detalles Bibliográficos
Parent link:Ресурсоэффективным технологиям - энергию и энтузиазм молодых.— 2012.— [С. 96-98]
Autor principal: Юнда Е. Н. Елена Николаевна
Otros Autores: Годымчук А. Ю. Анна Юрьевна (научный руководитель)
Sumario:Заглавие с экрана
Lenguaje:ruso
Publicado: 2012
Colección:Нанотехнологии и пучково-плазменные технологии создания материалов с заданными свойствами
Materias:
Acceso en línea:http://www.lib.tpu.ru/fulltext/c/2012/C08/041.pdf
Formato: MixedMaterials Electrónico Capítulo de libro
KOHA link:https://koha.lib.tpu.ru/cgi-bin/koha/opac-detail.pl?biblionumber=234144

MARC

LEADER 00000naa2a2200000 4500
001 234144
005 20260121113023.0
035 |a (RuTPU)RU\TPU\book\255244 
035 |a RU\TPU\book\255242 
090 |a 234144 
100 |a 20130318d2012 k y0rusy50 ca 
101 0 |a rus 
102 |a RU 
181 0 |a i  
182 0 |a b 
200 1 |a Токсикологическая оценка наноматериалов с точки зрения их растворимости  |f Е. Н. Юнда  |g науч. рук. А. Ю. Годымчук 
203 |a Текст  |c электронный 
215 |a 1 файл (387 Кб) 
225 1 |a Нанотехнологии и пучково-плазменные технологии создания материалов с заданными свойствами 
300 |a Заглавие с экрана 
320 |a [Библиогр.: с. 98 (6 назв.)] 
337 |a Adobe Reader 
463 1 |0 (RuTPU)RU\TPU\book\251281  |t Ресурсоэффективным технологиям - энергию и энтузиазм молодых   |o сборник докладов III Университетской конференции студентов Элитного технического образования, г. Томск, 16 -17 апреля 2012 г.  |f Национальный исследовательский Томский политехнический университет (ТПУ)   |v [С. 96-98]  |d 2012 
610 1 |a электронный ресурс 
610 1 |a труды учёных ТПУ 
610 1 |a наноматериалы 
610 1 |a растворимость 
610 1 |a оценка 
610 1 |a эксперименты 
700 1 |a Юнда  |b Е. Н.  |c специалист в области наноматериалов и нанотехнологий  |c лаборант Томского политехнического университета  |f 1992-  |g Елена Николаевна  |3 (RuTPU)RU\TPU\pers\30672 
702 1 |a Годымчук  |b А. Ю.  |c специалист в области нанотехнологий и наноматериалов  |c доцент Томского политехнического университета, кандидат технических наук  |f 1978-  |g Анна Юрьевна  |3 (RuTPU)RU\TPU\pers\26193  |4 727  |9 12001 
801 1 |a RU  |b 63413507  |c 20101016 
801 2 |a RU  |b 63413507  |c 20151029  |g RCR 
856 4 |u http://www.lib.tpu.ru/fulltext/c/2012/C08/041.pdf 
942 |c CF